Statistics for Gemstones and Minerals by Picture - Very Hard

Click here to take the quiz!

General Stats

  • This quiz has been taken 7 times
  • The average score is 3 of 24

Answer Stats

Answer% Correct
Painite
75%
Heliodor
50%
Aventurine
25%
Beryllonite
25%
Chicken-Blood Stone
25%
Chrysoberyl
25%
Euxenite
25%
Uvarovite
25%
Zincite
25%
Zunyite
25%
Andalusite
0%
Anhydrite
0%
Dickinsonite
0%
Gadolinite
0%
Manganotantalite
0%
Microlite
0%
Nepheline
0%
Perthite
0%
Phenakite
0%
Powellite
0%
Red Beryl
0%
Sapphirine
0%
Scapolite
0%
Sinhalite
0%

Score Distribution

Percentile by Number Answered

Percent of People with Each Score

Your Score History

You have not taken this quiz